000 00712nam a2200205 i 4500
001 39246
003 ES-MaACL
005 20230906155923.0
007 t|
008 030227s1941 sp ||||1| spa d
100 1 _aCampuzano y Horma, Fernando.
_934352
245 1 0 _aPrincipios generales de derecho inmobiliario y legislación hipotecaria /
_cFernando Campuzano y Horma.
250 _a2ª ed. rev., amp. y adaptada
_bpor Juan José Rumeu de Armas.
260 _aMadrid :
_bReus,
_c1941.
300 _a2 v. ;
_c23 cm.
650 0 4 _aDerecho inmobiliario registral-
_zEspaña.
_911715
700 1 _aRumeu de Armas, Juan José.
_9100992
852 _aES-MaACL
_jA-717-18
_bR.19814
852 _aES-MaACL
_jA-443-44
999 _c39246
_d39246